Catalog of infrared observations (Record no. 11019)
[ view plain ]
| 000 -LEADER | |
|---|---|
| fixed length control field | 00791nam a2200241Ia 4500 |
| 003 - CONTROL NUMBER IDENTIFIER | |
| control field | IN-BaIIA |
| 008 - FIXED-LENGTH DATA ELEMENTS--GENERAL INFORMATION | |
| fixed length control field | 211028s9999 xx 000 0 eng d |
| 040 ## - CATALOGING SOURCE | |
| Transcribing agency | IIA Library |
| 080 ## - UNIVERSAL DECIMAL CLASSIFICATION NUMBER | |
| Universal Decimal Classification number | 083.8:52-76 |
| Item number | GEZ |
| 100 ## - MAIN ENTRY--PERSONAL NAME | |
| Personal name | Gezari, Daniel Y. |
| 9 (RLIN) | 15296 |
| 245 #0 - TITLE STATEMENT | |
| Title | Catalog of infrared observations |
| Statement of responsibility, etc. | Daniel Y. Gezari…[et al.] |
| 250 ## - EDITION STATEMENT | |
| Edition statement | 3rd ed. |
| 260 ## - PUBLICATION, DISTRIBUTION, ETC. | |
| Place of publication, distribution, etc. | Washington |
| Name of publisher, distributor, etc. | National Aeronautics and Space Administration |
| 300 ## - PHYSICAL DESCRIPTION | |
| Extent | [various pagings.] |
| 490 ## - SERIES STATEMENT | |
| Series statement | NASA reference publication; 1294 |
| 650 ## - SUBJECT ADDED ENTRY--TOPICAL TERM | |
| Topical term or geographic name entry element | Astronomy and Astrophysics Thesaurus |
| 650 ## - SUBJECT ADDED ENTRY--TOPICAL TERM | |
| Topical term or geographic name entry element | Infrared |
| 9 (RLIN) | 17232 |
| 650 ## - SUBJECT ADDED ENTRY--TOPICAL TERM | |
| Topical term or geographic name entry element | Observations |
| 9 (RLIN) | 977 |
| 700 ## - ADDED ENTRY--PERSONAL NAME | |
| Personal name | Mead, Jaylee M. |
| 9 (RLIN) | 15297 |
| 700 ## - ADDED ENTRY--PERSONAL NAME | |
| Personal name | Pitts, Patricia S. |
| 9 (RLIN) | 18795 |
| 700 ## - ADDED ENTRY--PERSONAL NAME | |
| Personal name | Schmitz, Marion |
| 9 (RLIN) | 15295 |
| 942 ## - ADDED ENTRY ELEMENTS (KOHA) | |
| Koha item type | Books |
| Withdrawn status | Lost status | Damaged status | Not for loan | Home library | Current library | Shelving location | Date acquired | Total Checkouts | Full call number | Barcode | Date last seen | Price effective from | Koha item type |
|---|---|---|---|---|---|---|---|---|---|---|---|---|---|
| IIA Library-Bangalore | IIA Library-Bangalore | General Stacks | 24/03/1994 | 083.8:52-76/ GEZ | 11932 | 05/11/2021 | 24/03/1994 | Books |